000 00280nam a2200109Ia 4500
005 20251222120855.0
008 251222s1900||||xx |||||||||||||| ||spa||
082 _aDVD0120/A26/1990
245 0 _aBeethoven concierto para violĂ­n en do mayor.
264 _bBarthlome, R.
942 _cDVD
999 _c2385
_d2385